000 00941nam a2200301 i 4500
001 12700
003 ES-MaACL
005 20250811062531.0
007 t|
008 930329s1989 sp ||||0| spa d
016 7 _zSIC92027946
020 _a8470395491
040 _aSIC
_bspa
_cSIC
080 _a860.09"19"
245 0 0 _aLetras españolas 1988 /
_cCarlos Galán ... [et al.].
260 _aMadrid :
_bCastalia :
_bMinisterio de Cultura,
_cD.L. 1989.
300 _a256 p. ;
_c24 cm.
490 1 _aLiteratura y sociedad ;
_v49
500 _aIndice.
504 _aBibliografía: p. 215-244.
650 4 _aLiteratura española-
_yS.XX-
_xHistoria y crítica.
_9141686
700 1 _aGalán Pascual, Carlos.
_953306
710 1 _aEspaña.
_bMinisterio de Cultura
_93850
830 0 _aLiteratura y sociedad (Madrid) ;
_v49
_9179352
852 _aES-MaACL
_jL-20042
_bR.125415
942 _2udc
999 _c12700
_d12700